[Event "Campeonato Brasileiro Amador 2015"]
[Site "Esporte Clube Pinheiros, SÃ£o P"]
[Date "2015.05.02"]
[Round "5.97"]
[White "Hoshino, Meilin"]
[Black "Souza, Bruna Garcia De"]
[Result "0-1"]
[WhiteElo "1361"]
[BlackElo "1584"]
[PlyCount "138"]
[EventDate "2015.04.30"]

1. d4 d5 2. c4 c6 3. Nc3 e6 4. Nf3 Nf6 5. Bg5 Nbd7 6. e3 Qa5 7. Bd3 Ne4 8. Qb3
Nxg5 9. c5 Nxf3+ 10. gxf3 g6 11. O-O Bg7 12. Kh1 e5 13. Rae1 O-O 14. Ne2 Kh8
15. a3 f5 16. Qc2 e4 17. fxe4 fxe4 18. Bxe4 dxe4 19. Qxe4 Rxf2 20. Rxf2 Qxe1+
21. Kg2 Nf8 22. Qe7 Bf5 23. Qh4 Qa5 24. Ng1 Qd8 25. Qf4 Ne6 26. Qf3 Qd5 27.
Qxd5 cxd5 28. b4 Rf8 29. Kf1 Bd3+ 30. Ke1 Rxf2 31. Kxf2 a6 32. Nf3 Kg8 33. Nd2
Nc7 34. Nb3 Ne6 35. Kg3 Bf6 36. h4 h5 37. a4 Bd8 38. a5 Ng7 39. Nd2 Nf5+ 40.
Kh3 Nxh4 41. Kg3 Nf5+ 42. Kf4 g5+ 43. Ke5 Nxe3 44. Nf3 Be4 45. Ne1 Kf7 46. Kd6
Bf5 47. Nf3 h4 48. Ne5+ Kf6 49. Nd7+ Bxd7 50. Kxd7 Bxa5 51. bxa5 Nc4 52. Kc7
Nxa5 53. Kb6 Nc6 54. Kxb7 Nxd4 55. Kxa6 h3 56. Kb6 h2 57. Kc7 h1=Q 58. c6 Nxc6
59. Kxc6 d4+ 60. Kc5 Qe1 61. Kxd4 Kf5 62. Kc5 Qd2 63. Kc4 Ke5 64. Kb3 Qc1 65.
Ka2 Kd4 66. Kb3 Qc3+ 67. Ka2 Qb4 68. Ka1 Kc3 69. Ka2 Qb2# 0-1

[Event "Campeonato Brasileiro Amador 2015"]
[Site "Esporte Clube Pinheiros, SÃ£o P"]
[Date "2015.05.03"]
[Round "6.1"]
[White "Campos, Igor Ribeiro"]
[Black "Rodrigues, Leonardo De Miranda"]
[Result "0-1"]
[WhiteElo "2182"]
[BlackElo "2111"]
[PlyCount "101"]
[EventDate "2015.04.30"]

1. Nf3 f5 2. g3 Nf6 3. Bg2 e6 4. O-O d5 5. c4 c6 6. b3 Nbd7 7. d4 Bd6 8. Ba3
Qe7 9. Qc1 O-O 10. Rd1 Ne4 11. e3 b6 12. Ne1 Bb7 13. Bxd6 Nxd6 14. Nd3 Rfc8 15.
c5 Nf7 16. Nc3 e5 17. b4 exd4 18. exd4 bxc5 19. bxc5 Qf6 20. Ne1 Ba6 21. Rb1
Re8 22. Nf3 Be2 23. Nxe2 Rxe2 24. Rb7 Nf8 25. Re1 Re4 26. Ne5 Rxe1+ 27. Qxe1
Nxe5 28. dxe5 Qe6 29. f4 Qc8 30. Qb4 Nd7 31. e6 Nxc5 32. Re7 Nxe6 33. Qd6 Nd4
34. Bxd5+ Kh8 35. Qe5 Qf8 36. Bg2 a5 37. h4 Rd8 38. Ra7 c5 39. Bd5 h6 40. Kg2
Re8 41. Rf7 Qxf7 42. Bxf7 Rxe5 43. fxe5 g5 44. hxg5 hxg5 45. Kf2 Kg7 46. Bd5
Kf8 47. Ke3 Ke7 48. Kd3 Ne6 49. Kc4 f4 50. gxf4 gxf4 51. Kb5 0-1

[Event "Campeonato Brasileiro Amador 2015"]
[Site "Esporte Clube Pinheiros, SÃ£o P"]
[Date "2015.05.03"]
[Round "6.2"]
[White "Abdalla, Jose Lucas Aurelli"]
[Black "Pomar, Marcelo Nascimento"]
[Result "1-0"]
[WhiteElo "2096"]
[BlackElo "2024"]
[PlyCount "71"]
[EventDate "2015.04.30"]

1. e4 e5 2. Nf3 Nc6 3. Nc3 Nf6 4. d4 exd4 5. Nxd4 Bb4 6. Nxc6 bxc6 7. Bd3 d5 8.
exd5 cxd5 9. O-O O-O 10. h3 h6 11. Qf3 c6 12. Bf4 Bd6 13. Ne2 c5 14. b3 Be6 15.
Rfd1 Qe7 16. c4 d4 17. Ng3 Bxf4 18. Qxf4 Qd7 19. Re1 Rae8 20. Re2 a5 21. Rae1
a4 22. Re5 axb3 23. axb3 Qc7 24. Nf5 Bxf5 25. Qxf5 Qc6 26. R1e2 Rxe5 27. Rxe5
Rc8 28. h4 g6 29. Qf4 Kg7 30. Re7 Re8 31. Rc7 Re1+ 32. Kh2 Qb6 33. Bxg6 Kxg6
34. Qg3+ Kh5 35. f3 Re6 36. Rd7 1-0

[Event "Campeonato Brasileiro Amador 2015"]
[Site "Esporte Clube Pinheiros, SÃ£o P"]
[Date "2015.05.03"]
[Round "6.3"]
[White "Awoki, Daniel Teidi"]
[Black "Coutinho, Sidnei Bissacot"]
[Result "1/2-1/2"]
[WhiteElo "1993"]
[BlackElo "2078"]
[PlyCount "110"]
[EventDate "2015.04.30"]

1. e4 c5 2. Nf3 d6 3. c3 g6 4. d4 Qc7 5. Be2 Bg7 6. O-O Nd7 7. Re1 Ngf6 8. Bf1
O-O 9. a4 b6 10. a5 Bb7 11. Nbd2 Nh5 12. a6 Bc8 13. d5 Rb8 14. Bb5 Ndf6 15. Nf1
Bd7 16. c4 Bxb5 17. cxb5 Nd7 18. Qc2 Ne5 19. Nxe5 Bxe5 20. Ne3 Qd7 21. Qb3 Nf4
22. Bd2 Rbc8 23. Nc4 Qg4 24. Bxf4 Qxf4 25. Nxe5 Qxe5 26. Qc3 Qd4 27. Qxd4 cxd4
28. Rac1 Rc5 29. b4 Rc3 30. Rxc3 dxc3 31. Rc1 Rc8 32. f3 Kg7 33. Kf2 Kf6 34.
Ke3 g5 35. g3 e6 36. dxe6 fxe6 37. Kd3 Ke5 38. Rf1 c2 39. f4+ gxf4 40. gxf4+
Kf6 41. Rc1 d5 42. exd5 exd5 43. Rxc2 Rxc2 44. Kxc2 Kf5 45. Kd3 Kxf4 46. Kd4
Kf5 47. Kxd5 Kf6 48. Kd6 Kf7 49. h4 Kf6 50. h5 h6 51. Kc7 Ke7 52. Kb7 Kd7 53.
Kxa7 Kc7 54. Ka8 Kc8 55. a7 Kc7 1/2-1/2

[Event "Campeonato Brasileiro Amador 2015"]
[Site "Esporte Clube Pinheiros, SÃ£o P"]
[Date "2015.05.03"]
[Round "6.4"]
[White "Pinto, Rendrex Lopes"]
[Black "Da Silva Junior, Sediney Mari"]
[Result "1/2-1/2"]
[WhiteElo "2072"]
[BlackElo "1970"]
[PlyCount "32"]
[EventDate "2015.04.30"]

1. d4 f5 2. e4 fxe4 3. Nc3 Nf6 4. Bg5 Nc6 5. d5 Ne5 6. Qd4 Nf7 7. h4 e5 8. dxe6
dxe6 9. Qa4+ Bd7 10. Qb3 Nd6 11. Nge2 Qe7 12. Nf4 Qf7 13. Be2 O-O-O 14. Nh3 Be7
15. O-O-O Bc6 16. Nf4 Bd7 1/2-1/2

[Event "Campeonato Brasileiro Amador 2015"]
[Site "Esporte Clube Pinheiros, SÃ£o P"]
[Date "2015.05.03"]
[Round "6.5"]
[White "Fonseca, Luis Ernesto Serra A"]
[Black "Queiroz, Alberto Becker"]
[Result "1-0"]
[WhiteElo "2038"]
[BlackElo "2164"]
[PlyCount "135"]
[EventDate "2015.04.30"]

1. e4 c6 2. d4 d5 3. Nc3 dxe4 4. Nxe4 Nd7 5. Nf3 Ngf6 6. Nxf6+ Nxf6 7. Bc4 Bf5
8. O-O e6 9. Re1 Be7 10. c3 O-O 11. a4 c5 12. Qb3 Qc7 13. Bg5 Rac8 14. d5 exd5
15. Bxd5 Nxd5 16. Qxd5 Bxg5 17. Qxf5 Bf6 18. Re4 Qc6 19. Rae1 Rcd8 20. Ne5 Bxe5
21. Qxe5 Rd2 22. Rc4 Rxb2 23. Rxc5 Qxa4 24. Qe7 g6 25. Qf6 Qe4 26. Re5 Qc6 27.
Qxc6 bxc6 28. Rc5 Ra8 29. Rxc6 a5 30. Rc4 a4 31. Rb4 Rxb4 32. cxb4 Rb8 33. Rb1
Kf8 34. Kf1 Ke7 35. Ke2 Kd6 36. Kd3 Kd5 37. Rb2 f5 38. Kc3 Rc8+ 39. Kd3 Rb8 40.
Kc3 Kc6 41. Kc4 Kb6 42. b5 Ka5 43. b6 Rxb6 44. Rxb6 Kxb6 45. Kb4 Kc6 46. Kxa4
Kd5 47. Kb3 Ke4 48. Kc3 f4 49. Kd2 f3 50. g3 Kd4 51. Kc2 h6 52. Kd2 h5 53. h4
Ke4 54. Kc3 Kf5 55. Kd4 g5 56. hxg5 Kxg5 57. Ke4 Kg4 58. Ke3 Kg5 59. Kxf3 Kf5
60. Ke3 Kg4 61. Ke4 Kg5 62. f4+ Kg4 63. f5 Kxg3 64. f6 h4 65. f7 h3 66. f8=Q
Kh2 67. Kf3 Kh1 68. Qg7 1-0

[Event "Campeonato Brasileiro Amador 2015"]
[Site "Esporte Clube Pinheiros, SÃ£o P"]
[Date "2015.05.03"]
[Round "6.6"]
[White "De Moura, Sergio Jovelino"]
[Black "Nunes Jr, Sidney"]
[Result "1/2-1/2"]
[WhiteElo "2147"]
[BlackElo "2044"]
[PlyCount "135"]
[EventDate "2015.04.30"]

1. e4 e5 2. Nf3 Nc6 3. Bb5 a6 4. Ba4 Nf6 5. O-O Be7 6. Re1 b5 7. Bb3 d6 8. c3
Bg4 9. h3 Bh5 10. d3 O-O 11. Nbd2 Na5 12. Bc2 c5 13. Nf1 c4 14. Ng3 Bg6 15. Nh4
Re8 16. Nxg6 hxg6 17. a4 Qc7 18. Nf1 Rad8 19. axb5 axb5 20. dxc4 Nxc4 21. Ne3
Nxe3 22. Rxe3 d5 23. exd5 Bc5 24. Re1 Nxd5 25. Qe2 Qb6 26. Bd3 b4 27. c4 Nc7
28. Be3 Ne6 29. Be4 Bd4 30. Bd5 Nc7 31. Bxd4 exd4 32. Qf3 Rxe1+ 33. Rxe1 Nxd5
34. cxd5 Qc5 35. Qb3 Rxd5 36. Rd1 Rd8 37. Qd3 Qd5 38. Kf1 Qa2 39. Qc2 b3 40.
Qc7 Re8 41. Qd7 Qa6+ 42. Kg1 Qe2 43. Qxd4 Qc2 44. g3 g5 45. Qd2 Re2 46. Qxc2
bxc2 47. Rc1 Rd2 48. Kg2 f5 49. Kf3 f4 50. gxf4 gxf4 51. Kxf4 Rxf2+ 52. Ke3 Rh2
53. Kd3 Rxh3+ 54. Kxc2 Kf7 55. Rg1 Kf6 56. b4 g5 57. b5 Kf5 58. b6 Rh7 59. Kd3
Rb7 60. Rb1 Ke5 61. Kc4 g4 62. Kb5 Kf4 63. Kc6 Rxb6+ 64. Rxb6 g3 65. Kd5 g2 66.
Rg6 Kf3 67. Kd4 Kf2 68. Kd3 1/2-1/2

[Event "Campeonato Brasileiro Amador 2015"]
[Site "Esporte Clube Pinheiros, SÃ£o "]
[Date "2015.05.03"]
[Round "6.7"]
[White "Bruce, Shannon Hill"]
[Black "Pereira, Geanfrancesco"]
[Result "1-0"]
[WhiteElo "2111"]
[BlackElo "2014"]
[PlyCount "135"]
[EventDate "2015.04.30"]

1. d4 d5 2. Nf3 Nc6 3. Bg5 Bg4 4. e3 Qd6 5. Nc3 a6 6. h3 Bxf3 7. gxf3 f6 8. Bf4
e5 9. Bh2 O-O-O 10. dxe5 fxe5 11. Qd3 Nge7 12. O-O-O g6 13. f4 e4 14. Qe2 Bg7
15. Qe1 Qf6 16. Be2 Rhe8 17. Kb1 h5 18. Qd2 Nf5 19. Qc1 Nce7 20. f3 Qb6 21.
fxe4 Bxc3 22. exf5 Nxf5 23. Rd3 Bd4 24. Bxh5 Bxe3 25. Rxe3 Nxe3 26. Bf3 Nc4 27.
Rd1 Kb8 28. Bg1 c5 29. b3 d4 30. f5 gxf5 31. Qf4+ Ka7 32. Kc1 Na3 33. Qxf5 Nb5
34. Kb2 Nc3 35. Rf1 Qa5 36. a3 Qc7 37. Qd3 Re7 38. b4 Nb5 39. Qc4 cxb4 40. Qxc7
Nxc7 41. axb4 Rf7 42. Be2 Rxf1 43. Bxf1 b6 44. Bd3 Ne6 45. Bf5 Nf4 46. Bh2 Nxh3
47. Bxh3 Rh8 48. Be5 Rxh3 49. Bxd4 Kb7 50. Bc3 Kc6 51. Bd4 Kb5 52. c3 a5 53.
bxa5 Kxa5 54. Kb3 Kb5 55. Bf6 Rh1 56. Bd4 Ka5 57. Kc4 Rb1 58. Be5 Ka4 59. Bc7
b5+ 60. Kd3 Kb3 61. Ba5 Rd1+ 62. Ke2 Rd7 63. Bb4 Kc2 64. Ke1 Rd3 65. Ke2 Rxc3
66. Bxc3 Kxc3 67. Kd1 Kb2 68. Kd2 1-0

[Event "Campeonato Brasileiro Amador 2015"]
[Site "Esporte Clube Pinheiros, SÃ£o P"]
[Date "2015.05.03"]
[Round "6.8"]
[White "Silva, Lucas Henrique Da"]
[Black "Dias, Joao Batista"]
[Result "0-1"]
[WhiteElo "2100"]
[BlackElo "1824"]
[PlyCount "62"]
[EventDate "2015.04.30"]

1. d4 d5 2. c4 c6 3. Nc3 Nf6 4. e3 Bg4 5. Nf3 Nbd7 6. h3 Bxf3 7. Qxf3 e6 8.
cxd5 exd5 9. g4 h6 10. Bd3 Bd6 11. Bd2 Qe7 12. Rb1 Nf8 13. h4 Ne6 14. Kf1 O-O-O
15. Kg2 Kb8 16. Na4 Ne4 17. Be1 h5 18. Kf1 hxg4 19. Qxg4 f5 20. Qg2 f4 21. Bxe4
dxe4 22. Qxe4 fxe3 23. Rh3 exf2 24. Bxf2 Qf7 25. Rf3 Nf4 26. Bg3 Qc4+ 27. Kf2
Rhe8 28. b3 Qa6 29. Rxf4 Rxe4 30. Rxe4 Bxg3+ 31. Kxg3 Qd3+ 0-1

[Event "Campeonato Brasileiro Amador 2015"]
[Site "Esporte Clube Pinheiros, SÃ£o P"]
[Date "2015.05.03"]
[Round "6.9"]
[White "De Almeida, Guilherme Pereira"]
[Black "Franca, Willian Bento"]
[Result "0-1"]
[WhiteElo "1815"]
[BlackElo "2061"]
[PlyCount "112"]
[EventDate "2015.04.30"]

1. Nf3 d6 2. d3 g6 3. g3 Bg7 4. Bg2 e5 5. O-O Ne7 6. e4 O-O 7. c3 c5 8. d4 Nbc6
9. dxe5 dxe5 10. Qc2 Qc7 11. Rd1 b6 12. Nbd2 Rd8 13. a4 Ba6 14. Bf1 Bxf1 15.
Nxf1 Rxd1 16. Qxd1 Rd8 17. Qc2 c4 18. Be3 Qd7 19. Qe2 Na5 20. N3d2 Qc6 21. f3
f6 22. Bf2 Bh6 23. Be3 Bf8 24. Bf2 Rc8 25. Kg2 Bh6 26. Be3 Bg7 27. Bf2 f5 28.
Bg1 f4 29. gxf4 exf4 30. Bd4 Rd8 31. Qf2 Qd7 32. Qh4 Qc7 33. Bf6 Bxf6 34. Qxf6
Nec6 35. Nxc4 Nxc4 36. Qe6+ Qf7 37. Qxc6 Nxb2 38. a5 Nc4 39. axb6 axb6 40. Ra8
Rxa8 41. Qxa8+ Kg7 42. Qd5 Qxd5 43. exd5 h5 44. Kf2 Kf6 45. Ke2 Ke5 46. Kd3
Kxd5 47. Kc2 g5 48. Kb3 Kc5 49. Ka2 g4 50. fxg4 hxg4 51. Kb1 Kd5 52. Kc2 Ke4
53. Kb3 Kd3 54. h4 gxh3 55. Nh2 Nd6 56. Kb4 Ke2 0-1

[Event "Campeonato Brasileiro Amador 2015"]
[Site "Esporte Clube Pinheiros, SÃ£o P"]
[Date "2015.05.03"]
[Round "6.10"]
[White "Siqueira Gomes, Gustavo"]
[Black "Ikejiri, Daniel Yoshito"]
[Result "1/2-1/2"]
[WhiteElo "2045"]
[BlackElo "1881"]
[PlyCount "74"]
[EventDate "2015.04.30"]

1. Nf3 Nf6 2. c4 e6 3. g3 c5 4. Nc3 Nc6 5. Bg2 d5 6. cxd5 Nxd5 7. O-O Be7 8. d4
Nxc3 9. bxc3 O-O 10. Rb1 Qc7 11. Qc2 b6 12. Bf4 Bd6 13. Ng5 g6 14. dxc5 Bxf4
15. cxb6 axb6 16. gxf4 Ba6 17. Qe4 Rac8 18. Qe3 Na5 19. Qh3 h5 20. Nxe6 fxe6
21. Qxe6+ Qf7 22. Qxb6 Bxe2 23. Qxa5 Qxf4 24. Rb4 Rc4 25. Qd5+ Kh8 26. Rxc4
Bxc4 27. Qd4+ Qxd4 28. cxd4 Bxf1 29. Kxf1 Rb8 30. Bd5 Rb2 31. Bc4 Kg7 32. Bb3
Kf6 33. Kg2 Rd2 34. d5 Ke5 35. Kf3 g5 36. h3 Rd3+ 37. Kg2 Rd2 1/2-1/2

[Event "Campeonato Brasileiro Amador 2015"]
[Site "Esporte Clube Pinheiros, SÃ£o P"]
[Date "2015.05.03"]
[Round "6.11"]
[White "Peixoto, Helio Ricardo Soutin"]
[Black "Nery Junior, Jose Antonio"]
[Result "0-1"]
[WhiteElo "1943"]
[BlackElo "2151"]
[PlyCount "80"]
[EventDate "2015.04.30"]

1. e4 c5 2. Nf3 d6 3. Qe2 Nc6 4. d3 g6 5. g3 Bg4 6. c3 Qd7 7. h3 Bxf3 8. Qxf3
Bg7 9. a4 Nf6 10. Bg2 Rd8 11. O-O d5 12. Bf4 dxe4 13. dxe4 Qe6 14. Qe2 O-O 15.
Nd2 Nd5 16. Bg5 h6 17. Qc4 Nxc3 18. Qxe6 Ne2+ 19. Kh2 fxe6 20. Be3 b6 21. Nc4
Ned4 22. f4 Nc2 23. e5 Na5 24. Nxa5 Nxe3 25. Nc6 Nxf1+ 26. Bxf1 Rd7 27. Bc4 Rc7
28. Bxe6+ Kh7 29. Bd5 Rfc8 30. Rd1 Rxc6 31. Bxc6 Rxc6 32. Rd7 a6 33. Rxe7 b5
34. axb5 axb5 35. Rb7 b4 36. Kg2 Kg8 37. Kf3 Bf8 38. Ke4 c4 39. Ra7 c3 40. bxc3
bxc3 0-1

[Event "Campeonato Brasileiro Amador 2015"]
[Site "Esporte Clube Pinheiros, SÃ£o P"]
[Date "2015.05.03"]
[Round "6.12"]
[White "Roverso, Leandro"]
[Black "Gomez, Gustavo Pizzocaro"]
[Result "0-1"]
[WhiteElo "1945"]
[BlackElo "2135"]
[PlyCount "100"]
[EventDate "2015.04.30"]

1. d4 d5 2. c4 e6 3. Nc3 c6 4. Nf3 f5 5. cxd5 exd5 6. e3 Nf6 7. Bd3 Bd6 8. O-O
Qe7 9. Re1 O-O 10. Nd2 Ne4 11. f4 Nxd2 12. Bxd2 Be6 13. Kh1 Nd7 14. Ne2 b6 15.
Ng1 c5 16. b3 c4 17. Bc2 b5 18. bxc4 bxc4 19. Nf3 Rab8 20. Ne5 Nxe5 21. dxe5
Bb4 22. Bxb4 Rxb4 23. Qd4 Rfb8 24. h3 Rb2 25. Bb3 Qa3 26. Bd1 Rxa2 27. Bf3 Kh8
28. Rxa2 Qxa2 29. Ra1 Rb1+ 30. Rxb1 Qxb1+ 31. Kh2 Qb6 32. Qc3 a5 33. g4 g6 34.
gxf5 gxf5 35. Bxd5 Bxd5 36. e6+ Kg8 37. e7 Kf7 38. e8=B+ Kxe8 39. Qh8+ Kd7 40.
Qxh7+ Kc6 41. Qxf5 Qxe3 42. Qc8+ Kb5 43. Qd7+ Bc6 44. Qf5+ Kb6 45. Qb1+ Ka6 46.
Qf1 Qd2+ 47. Kg3 Qd3+ 48. Qxd3 cxd3 49. Kf2 Be4 50. Ke3 Bf5 0-1

[Event "Campeonato Brasileiro Amador 2015"]
[Site "Esporte Clube Pinheiros, SÃ£o P"]
[Date "2015.05.03"]
[Round "6.13"]
[White "Brandao, Renan Alves"]
[Black "Das Chagas, David Ferreira"]
[Result "1-0"]
[WhiteElo "2113"]
[BlackElo "1940"]
[PlyCount "87"]
[EventDate "2015.04.30"]

1. d4 Nf6 2. Nf3 e6 3. Bg5 Be7 4. Nbd2 d5 5. e3 O-O 6. Bd3 b6 7. Ne5 Bb7 8. Qf3
Nbd7 9. Bf4 Nxe5 10. Bxe5 Bd6 11. Bxf6 Qxf6 12. Qh3 g6 13. f4 c5 14. c3 cxd4
15. cxd4 Qg7 16. Nf3 Bb4+ 17. Ke2 Bc8 18. Qg3 Bd6 19. Rac1 Bb7 20. Qh3 Rac8 21.
Rcg1 Rc4 22. Bxc4 dxc4 23. Rc1 Rc8 24. Rhd1 b5 25. Ne5 a5 26. a4 Bxe5 27. dxe5
b4 28. Rd6 Qf8 29. Qh4 Be4 30. g4 Bd3+ 31. Kd2 Qe8 32. Qf6 b3 33. h4 Ra8 34. h5
Qb8 35. hxg6 Qb4+ 36. Rc3 hxg6 37. f5 Qb7 38. Rc1 exf5 39. e6 Re8 40. Rd7 Qb4+
41. Rc3 Rf8 42. Rxf7 Rxf7 43. Qxf7+ Kh8 44. e7 1-0

[Event "Campeonato Brasileiro Amador 2015"]
[Site "Esporte Clube Pinheiros, SÃ£o P"]
[Date "2015.05.03"]
[Round "6.14"]
[White "Dos Reis, Leandro Aparecido C"]
[Black "Schutt, Ricardo De Amorim"]
[Result "0-1"]
[WhiteElo "1940"]
[BlackElo "2111"]
[PlyCount "60"]
[EventDate "2015.04.30"]

1. d4 c5 2. d5 e5 3. e4 d6 4. f4 exf4 5. Bxf4 Ne7 6. Bb5+ Bd7 7. Bxd7+ Qxd7 8.
c4 Ng6 9. Bg3 Be7 10. Nf3 Bf6 11. Qc2 O-O 12. O-O Re8 13. Re1 a6 14. Na3 Qc7
15. Rab1 Nd7 16. Kh1 Re7 17. Rbd1 Rae8 18. Nb1 Nde5 19. Nfd2 b5 20. b3 Bh4 21.
Bxh4 Nxh4 22. Nc3 b4 23. Ne2 Ng4 24. Ng3 Nf2+ 25. Kg1 Nxd1 26. Qxd1 Qd7 27. Qh5
Ng6 28. Nf5 Re5 29. Kf1 Ne7 30. Nf3 Nxf5 0-1

[Event "Campeonato Brasileiro Amador 2015"]
[Site "Esporte Clube Pinheiros, SÃ£o P"]
[Date "2015.05.03"]
[Round "6.15"]
[White "Duailibe, Ricardo Miguel"]
[Black "Luz, Arthur Nader"]
[Result "1-0"]
[WhiteElo "1922"]
[BlackElo "2057"]
[PlyCount "61"]
[EventDate "2015.04.30"]

1. e4 e6 2. d4 d5 3. Nc3 Nf6 4. e5 Nfd7 5. f4 c5 6. Nf3 Nc6 7. Be3 Be7 8. Qd2
O-O 9. dxc5 Bxc5 10. Bxc5 Nxc5 11. O-O-O Qa5 12. a3 a6 13. Kb1 Qc7 14. Bd3 Nxd3
15. Qxd3 b5 16. Ng5 g6 17. Qh3 f5 18. Rxd5 h6 19. Qxh6 exd5 20. Qxg6+ Qg7 21.
Qxc6 Bb7 22. Qe6+ Kh8 23. Rd1 Rae8 24. Qb6 Re7 25. Rd3 Rc8 26. Ne2 d4 27. Rh3+
Kg8 28. Rg3 Kh8 29. Nxd4 Qf8 30. Qg6 Rg7 31. Qh6+ 1-0

[Event "Campeonato Brasileiro Amador 2015"]
[Site "Esporte Clube Pinheiros, SÃ£o P"]
[Date "2015.05.03"]
[Round "6.16"]
[White "Van Riemsdijk, Dirk D"]
[Black "Rapouso, Ricardo Luis Borba"]
[Result "1-0"]
[WhiteElo "2048"]
[BlackElo "1936"]
[PlyCount "77"]
[EventDate "2015.04.30"]

1. e4 c5 2. Nf3 g6 3. d4 cxd4 4. Qxd4 Nf6 5. e5 Nc6 6. Qa4 Nd5 7. Qe4 Nc7 8.
Bf4 Ne6 9. Nc3 Nxf4 10. Qxf4 Bg7 11. Bc4 O-O 12. O-O Qa5 13. Rfe1 h6 14. a3 a6
15. Rad1 b5 16. Bb3 Ra7 17. Nd5 Qd8 18. Qg3 Na5 19. Ba2 Nc4 20. Rd4 Bb7 21.
Bxc4 bxc4 22. Red1 d6 23. Nf4 Bxf3 24. Qxf3 Bxe5 25. Rxc4 Bxb2 26. Nxg6 fxg6
27. Qb3 d5 28. Rc6 Bf6 29. Rxd5 Qe8 30. Rd8+ Qf7 31. Rxf8+ Kxf8 32. Qb8+ Kg7
33. Qxa7 Qd5 34. Qxa6 Be5 35. g3 Bd6 36. Qc4 Qd1+ 37. Kg2 h5 38. Rc8 Qd2 39.
Qc3+ 1-0

[Event "Campeonato Brasileiro Amador 2015"]
[Site "Esporte Clube Pinheiros, SÃ£o P"]
[Date "2015.05.03"]
[Round "6.17"]
[White "Carstens Dobuchak, Thiago"]
[Black "Almeida Junior, Alvaro Alves D"]
[Result "0-1"]
[WhiteElo "2014"]
[BlackElo "1906"]
[PlyCount "74"]
[EventDate "2015.04.30"]

1. e4 c5 2. Nf3 d6 3. Bb5+ Bd7 4. Bxd7+ Qxd7 5. O-O Nc6 6. c3 Nf6 7. Qe2 e6 8.
Rd1 Be7 9. d4 cxd4 10. cxd4 d5 11. e5 Ne4 12. Ne1 Rc8 13. f3 Nxd4 14. Qf1 Rxc1
15. Rxc1 Bg5 16. Qd3 Nxf3+ 17. gxf3 Bxc1 18. fxe4 Bxb2 19. Nc2 dxe4 20. Qxe4
Bxa1 21. Nxa1 Qd1+ 22. Kg2 O-O 23. Nb3 Rd8 24. Nc3 Qd3 25. Qb4 h6 26. Qc5 b6
27. Qb4 Rc8 28. Ne4 Rc4 29. Qd6 Qxe4+ 30. Kf2 Rc2+ 31. Nd2 Qf4+ 32. Ke1 Qe3+
33. Kd1 Rxa2 34. Qd8+ Kh7 35. Qd6 Qg1+ 36. Ke2 Qxh2+ 37. Kd1 Rxd2+ 0-1

[Event "Campeonato Brasileiro Amador 2015"]
[Site "Esporte Clube Pinheiros, SÃ£o P"]
[Date "2015.05.03"]
[Round "6.18"]
[White "Mendes, Rodrigo Machado"]
[Black "Lopes, Marcelo Ferreira"]
[Result "0-1"]
[WhiteElo "1918"]
[BlackElo "2004"]
[PlyCount "102"]
[EventDate "2015.04.30"]

1. d4 Nf6 2. Bf4 d5 3. h3 e6 4. Nf3 Be7 5. e3 O-O 6. Bd3 b6 7. O-O Ba6 8. Nbd2
Bxd3 9. cxd3 c5 10. Qa4 Qd7 11. Qc2 cxd4 12. Nxd4 Rc8 13. Qb3 Nc6 14. N2f3 Nxd4
15. Nxd4 Bd6 16. Bxd6 Qxd6 17. Rfc1 Rc5 18. Rc2 Qd7 19. Rac1 Rac8 20. Rc3 h6
21. Qa3 e5 22. Nf3 Rxc3 23. Rxc3 Rxc3 24. Qxc3 e4 25. Ne5 Qb7 26. d4 g6 27. a3
Kg7 28. b4 a6 29. a4 Nd7 30. Nc6 Nb8 31. b5 Qc7 32. Kf1 Kf6 33. Ke2 Ke6 34. f3
exf3+ 35. gxf3 Nxc6 36. bxc6 Kd6 37. e4 Qxc6 38. Qb4+ Ke6 39. Ke3 b5 40. axb5
axb5 41. exd5+ Kxd5 42. Qf8 Qe6+ 43. Kf2 Kxd4 44. Qxh6 b4 45. Qd2+ Kc5 46. Qg5+
Qd5 47. Qe7+ Kc4 48. Qh4+ Qd4+ 49. Kg3 Qxh4+ 50. Kxh4 b3 51. Kg5 b2 0-1

[Event "Campeonato Brasileiro Amador 2015"]
[Site "Esporte Clube Pinheiros, SÃ£o P"]
[Date "2015.05.03"]
[Round "6.19"]
[White "Miquelin, Nicolas Seoane"]
[Black "Sousa, Felipe Mazim De"]
[Result "1-0"]
[WhiteElo "2000"]
[BlackElo "1747"]
[PlyCount "102"]
[EventDate "2015.04.30"]

1. Nf3 d5 2. d4 g6 3. c4 Nf6 4. Nc3 c6 5. Bf4 Bg7 6. e3 O-O 7. Be2 Nbd7 8. cxd5
Nxd5 9. Nxd5 cxd5 10. O-O Nb6 11. Rc1 Bf5 12. Qb3 Rc8 13. a4 Qd7 14. Bb5 Qd8
15. a5 Na8 16. Rxc8 Bxc8 17. Qa4 a6 18. Bd3 Bd7 19. Qb4 Bc6 20. Rc1 Qd7 21. Qc5
Rc8 22. Ne5 Bxe5 23. Bxe5 Nc7 24. Bxc7 Qxc7 25. h4 Qd7 26. Qb4 Kg7 27. Be2 f6
28. g3 g5 29. hxg5 fxg5 30. Kg2 Rf8 31. Bd3 Rf7 32. f3 Qe6 33. Qd2 h6 34. Be2
Bd7 35. Rh1 g4 36. f4 Qe4+ 37. Kg1 Bb5 38. Bxg4 Rf6 39. Rh4 Rc6 40. Bd1 Qb1 41.
Kf2 Rc1 42. Rh1 Ba4 43. Ke2 Bd7 44. Qb4 Kf8 45. Qb3 Qe4 46. Kd2 Rb1 47. Bf3
Qxf3 48. Rxb1 Qf2+ 49. Kc3 Qxe3+ 50. Kb4 Qxd4+ 51. Ka3 Qc5+ 1-0

[Event "Campeonato Brasileiro Amador 2015"]
[Site "Esporte Clube Pinheiros, SÃ£o "]
[Date "2015.05.03"]
[Round "6.20"]
[White "Tacconi Da Silva, Lucas"]
[Black "Frois, Vitor Amorim"]
[Result "0-1"]
[WhiteElo "1979"]
[BlackElo "1735"]
[PlyCount "96"]
[EventDate "2015.04.30"]

1. d4 Nf6 2. Nf3 g6 3. e3 Bg7 4. Bd3 d6 5. b3 O-O 6. Bb2 Nbd7 7. c4 Re8 8. d5
Nc5 9. Bc2 e5 10. dxe6 Nxe6 11. O-O Bd7 12. Nbd2 Bc6 13. h3 Nc5 14. b4 Nce4 15.
Nxe4 Bxe4 16. Bxe4 Nxe4 17. Bxg7 Kxg7 18. Qd4+ Qf6 19. Qxf6+ Kxf6 20. Rfd1 a5
21. b5 Rad8 22. Kf1 Ng5 23. Nxg5 Kxg5 24. Rd5+ Kf6 25. Rad1 b6 26. g4 Re5 27.
Rxe5 Kxe5 28. Rd5+ Kf6 29. f4 Re8 30. Kf2 Re4 31. Rd4 Rxd4 32. exd4 Ke6 33. d5+
Kf6 34. g5+ Kg7 35. Kg3 f6 36. gxf6+ Kxf6 {Game:} 37. Kg4 h5+ 38. Kf3 g5 39.
fxg5+ Kxg5 40. Kg3 a4 41. a3 h4+ 42. Kf3 Kf5 43. Ke3 Ke5 44. Kf3 Kd4 45. Kg4
Kxc4 46. Kxh4 Kb3 47. Kg5 Kxa3 48. h4 Kb4 0-1

[Event "Campeonato Brasileiro Amador 2015"]
[Site "Esporte Clube Pinheiros, São "]
[Date "2015.05.03"]
[Round "6.23"]
[White "Vescovi, Katherine Lemos"]
[Black "Desideri, Ricardo Maruchi"]
[Result "1-0"]
[WhiteElo "1865"]
[BlackElo "1965"]
[PlyCount "93"]
[EventDate "2015.04.30"]

1. Nf3 f5 2. g3 Nf6 3. Bg2 g6 4. b3 Bg7 5. Bb2 d6 6. d4 O-O 7. O-O c6 8. c4 Qc7
9. Nbd2 Ng4 10. e4 e5 11. c5 fxe4 12. cxd6 Qxd6 13. Nxe4 Qd5 14. Nxe5 Bxe5 15.
dxe5 Qxd1 16. Raxd1 Bf5 17. h3 Bxe4 18. Bxe4 Nh6 19. b4 Na6 20. b5 Nc5 21. Bg2
Rac8 22. bxc6 bxc6 23. Ba3 Ne6 24. Bxf8 Kxf8 25. Rd6 Ng5 26. Bxc6 Ngf7 27. Rf6
Ng8 28. Re6 Ng5 29. Rd6 Nf7 30. Rfd1 Nxd6 31. Rxd6 Ne7 32. Ba4 Rc1+ 33. Kg2 Re1
34. e6 Nf5 35. Ra6 h5 36. Bb3 Nd4 37. Rxa7 Nxb3 38. axb3 Rxe6 39. Rb7 Ke8 40.
Kf3 Kd8 41. Rb5 Kc7 42. Rc5+ Kb6 43. b4 Ka6 44. Kf4 Kb6 45. Kg5 h4 46. Kxh4
Re4+ 47. f4 1-0

[Event "Campeonato Brasileiro Amador 2015"]
[Site "Esporte Clube Pinheiros, São P"]
[Date "2015.05.03"]
[Round "6.24"]
[White "Vieira, Alexandre Letizio"]
[Black "Ribeiro, Marcos Willian De So"]
[Result "0-1"]
[WhiteElo "1832"]
[BlackElo "1948"]
[PlyCount "126"]
[EventDate "2015.04.30"]

1. e4 c5 2. Nf3 d6 3. d4 cxd4 4. Nxd4 Nf6 5. Nc3 g6 6. Be3 Bg7 7. Bc4 O-O 8. f3
Nc6 9. Qd2 Bd7 10. O-O-O Rc8 11. Bb3 Ne5 12. Bh6 Nc4 13. Bxc4 Rxc4 14. Bxg7
Kxg7 15. g4 h6 16. h4 Qa5 17. Nb3 Qb6 18. g5 Nh5 19. gxh6+ Kh7 20. Nd5 Qa6 21.
Kb1 Rfc8 22. c3 Re8 23. Rhg1 Ba4 24. Qg5 Qb5 25. Nd4 Rxd4 26. Rxd4 Qd7 27. Nxe7
Rxe7 28. Rxa4 Re5 29. Qd2 Qxa4 30. Qxd6 Ra5 31. Rg5 Qxa2+ 32. Kc1 Rxg5 33. hxg5
Qa1+ 34. Kc2 Qf1 35. Qb8 Qxf3 36. Qxb7 Ng3 37. Qxa7 Nxe4 38. Qd4 Qe2+ 39. Kb3
Nd2+ 40. Ka4 Qe4 41. b4 Qa8+ 42. Kb5 Qb7+ 43. Qb6 Qxb6+ 44. Kxb6 Ne4 45. c4
Nxg5 46. b5 Ne6 47. Kc6 g5 48. b6 g4 49. Kd5 Nd8 50. c5 g3 51. c6 g2 52. c7
g1=Q 53. c8=Q Qd1+ 54. Ke5 Qe1+ 55. Kd5 Qa5+ 56. Qc5 Qa8+ 57. Kc4 Qa2+ 58. Kc3
Qa1+ 59. Kc2 Qa4+ 60. Kc3 Qe4 61. Qf8 Qf3+ 62. Kc4 Ne6 63. Kb4 Nxf8 0-1